| 000 | 02315 a2200253 4500 | ||
|---|---|---|---|
| 003 | UA-OsUOA | ||
| 005 | 20260511135835.0 | ||
| 008 | 260511b un ||||| |||| 00| fdukr d | ||
| 020 | _a9960203853 | ||
| 040 |
_aUA-OsUOA _bukr _cUA-OsUOA _dUA-OsUOA |
||
| 041 | _aukr | ||
| 080 | _a82-94:929 | ||
| 090 |
_a82-94:929 _bМ32 |
||
| 100 |
_aМасютко М. _925210 |
||
| 245 |
_aВ полоні зла _bмемуарна поема |
||
| 260 |
_aЛьвів _bМісіонер _c1999 |
||
| 300 | _a606 с. | ||
| 520 | _a«В полоні зла» — це сповідально-документальна поема, написана видатним дисидентом і правозахисником Михайлом Масютком. Твір є художньо-філософським осмисленням трагічного досвіду перебування автора в радянських концтаборах Мордовії у 1960-х роках. Через призму власної долі автор змальовує, жорстокість системи, реалії табірного побуту та методи придушення людської гідності. Інтелектуальний та моральний опір української інтелігенції тоталітарному режиму. Пошук сенсу боротьби, природа добра і зла, а також віра у відродження української нації. Поема написана у класичній віршованій формі, що поєднує гостру публіцистичність із глибоким ліризмом, і є цінним історичним свідченням епохи «шістдесятництва». | ||
| 650 |
_a82-94 Історія як літературний жанр. Історичні твори. Історіографія. Хроніки. Аннали, літописи. Мемуари. Спогади. Щоденники. Біографії. Автобіографії _92061 |
||
| 700 | 1 |
_aЧеркас-Масютко В. _eхуд. _925211 |
|
| 942 |
_cBK _2udc |
||
| 955 | _a3 | ||
| 999 |
_c580691 _d580691 |
||